000
00297nam a2200145Ia 4500
100
_a
O''''Neil Joseph
942
_c
BK
654
_a
C
245
_a
Teach yourself Java
260
_b
Tata Mc Graw hill
_c
1999
082
_a
005.133'J'
_b
'O'N
300
_a
707
546
_a
ENGLISH
999
_c
27462
_d
27462